| 000 | 00964cam a22002774a 4500 | ||
|---|---|---|---|
| 001 | 14316790 | ||
| 005 | 20180202071708.0 | ||
| 008 | 060327s2007 maua b 001 0 eng | ||
| 010 | _a 2006044536 | ||
| 020 | _a0205404030 (pbk.) | ||
| 020 | _a9780205404032 | ||
| 035 | _a(OCoLC)ocm65521609 | ||
| 035 | _a(OCoLC)65521609 | ||
| 040 |
_aDLC _cDLC _dBAKER _dC#P _dYDXCP _dOCLCQ _dDLC |
||
| 041 | _aeng | ||
| 042 | _apcc | ||
| 080 | _a371.9043 PRA | ||
| 082 | 0 | 0 |
_a371.9043 PRA _222 |
| 100 | 1 | _a47 | |
| 101 | _aEDU | ||
| 245 | 1 | 0 |
_aTeaching strategies for students with mild to moderate disabilities / _cMary Anne Prater. |
| 504 | _aIncludes bibliographical references (p. 497-527) and index. | ||
| 906 |
_a7 _bcbc _corignew _d1 _eocip _f20 _gy-gencatlg |
||
| 942 |
_2ddc _cBK |
||
| 999 |
_c41640 _d41640 |
||